Government sponsorship of the Federal National Mortgage Association and the Federal Home Loan Mortgage Corporation.

Bibliographic Details
Corporate Author: United States. Department of the Treasury
Format: Government Document Book
Language:English
Published: Washington, DC : U.S. Dept. of the Treasury : [1996]
Subjects:

MARC

Tag First Indicator Second Indicator Subfields
LEADER 00000cam a2200000 a 4500
001 in00001331832
005 20151006051135.0
008 960822s1996 dcua b f000 0 eng d
010 |a gp 96077059  
020 |a 0160487250 :  |c $6.50 
035 |a (OCoLC)35288706 
035 |9 AHF3568AM 
037 |a 048-004-02342-3  |b GPO 
040 |a GPO  |c GPO  |d DLC  |d MvI  |d UtOrBLW 
043 |a n-us--- 
074 |a 0956 
086 0 |a T 22.2:SP 6 
245 0 0 |a Government sponsorship of the Federal National Mortgage Association and the Federal Home Loan Mortgage Corporation. 
246 0 8 |a Government sponsorship of FNMA and FHLMC 
264 1 |a Washington, DC :  |b U.S. Dept. of the Treasury :  |c [1996] 
264 2 |a Washington, DC :  |b For sale by the U.S. G.P.O., Supt. of Docs., 
300 |a 2, 2, v, 90 pages :  |b illustrations ;  |c 28 cm. 
336 |a text  |b txt  |2 rdacontent 
337 |a unmediated  |b n  |2 rdamedia 
338 |a volume  |b nc  |2 rdacarrier 
500 |a Shipping list number: 96-0324-P. 
500 |a "July 11, 1996." 
504 |a Includes bibliographical references (pages 85-90). 
610 2 0 |a Federal National Mortgage Association. 
610 2 0 |a Federal Home Loan Mortgage Corporation. 
650 0 |a Government-sponsored enterprises  |z United States. 
650 0 |a Secondary mortgage market  |z United States. 
650 0 |a Housing  |x Finance  |x Government policy  |z United States. 
710 1 |a United States.  |b Department of the Treasury. 
999 |a MARS 
999 f f |s aa2086e2-8512-3034-a863-5211cb81a656  |i 9a337c19-0600-3506-8409-9d1466a88248  |t 0 
952 f f |p normal  |a Texas A&M University  |b College Station  |c Sterling C. Evans Library  |d Evans: US Documents (Annex 5th floor)  |t 0  |e T 22.2:SP 6  |h Superintendent of Documents classification  |i unmediated -- volume  |m A14820891698 
998 f f |a T 22.2:SP 6  |t 0  |l Evans: US Documents (Annex 5th floor)